Prestressed Concrete (Record no. 5600)
[ view plain ]
| 000 -LEADER | |
|---|---|
| fixed length control field | 00301nam a2200133Ia 4500 |
| 008 - FIXED-LENGTH DATA ELEMENTS--GENERAL INFORMATION | |
| fixed length control field | 191201s2013 xx 000 0 und d |
| 100 ## - MAIN ENTRY--PERSONAL NAME | |
| Personal name | KRISHNARAJU, N |
| 245 #0 - TITLE STATEMENT | |
| Title | Prestressed Concrete |
| 250 ## - EDITION STATEMENT | |
| Edition statement | Rep |
| 260 ## - PUBLICATION, DISTRIBUTION, ETC. (IMPRINT) | |
| Place of publication, distribution, etc | N. Delhi |
| Name of publisher, distributor, etc | TMH |
| Date of publication, distribution, etc | 2013 |
| 300 ## - PHYSICAL DESCRIPTION | |
| Extent | 812 |
| 650 ## - SUBJECT ADDED ENTRY--TOPICAL TERM | |
| Topical term or geographic name as entry element | B.Tech(CE) |
| 942 ## - ADDED ENTRY ELEMENTS (KOHA) | |
| Source of classification or shelving scheme | Dewey Decimal Classification |
| Koha item type | Text Books |
| Withdrawn status | Lost status | Source of classification or shelving scheme | Damaged status | Not for loan | Collection code | Home library | Current library | Date acquired | Source of acquisition | Cost, normal purchase price | Bill Number | Total Checkouts | Full call number | Acc. no. / Barcode | Date last seen | Date last borrowed | Bill Date | Koha item type |
|---|---|---|---|---|---|---|---|---|---|---|---|---|---|---|---|---|---|---|
| Dewey Decimal Classification | B.Tech(CE) | PIET C-LIBRARY | PIET C-LIBRARY | 07/05/2013 | IBH, New Delhi | 495.00 | 1002 | 1 | 624.183412 RAP | 21583 | 10/10/2022 | 22/09/2022 | 06/05/2013 | Text Books | ||||
| Dewey Decimal Classification | B.Tech(CE) | PIET C-LIBRARY | PIET C-LIBRARY | 07/05/2013 | IBH, New Delhi | 495.00 | 1002 | 1 | 624.183412 RAP | 21584 | 29/09/2022 | 16/09/2022 | 06/05/2013 | Text Books | ||||
| Dewey Decimal Classification | B.Tech(CE) | PIET C-LIBRARY | PIET C-LIBRARY | 07/05/2013 | IBH, New Delhi | 495.00 | 1002 | 1 | 624.183412 RAP | 21585 | 20/02/2021 | 09/12/2020 | 06/05/2013 | Text Books | ||||
| Dewey Decimal Classification | B.Tech(CE) | PIET C-LIBRARY | PIET C-LIBRARY | 07/05/2013 | IBH, New Delhi | 495.00 | 1002 | 1 | 624.183412 RAP | 21586 | 06/10/2022 | 22/09/2022 | 06/05/2013 | Text Books | ||||
| Dewey Decimal Classification | B.Tech(CE) | PIET C-LIBRARY | PIET C-LIBRARY | 07/05/2013 | IBH, New Delhi | 495.00 | 1002 | 2 | 624.183412 RAP | 21587 | 02/06/2022 | 22/02/2022 | 06/05/2013 | Text Books | ||||
| Dewey Decimal Classification | B.Tech(CE) | PIET C-LIBRARY | PIET C-LIBRARY | 07/05/2013 | IBH, New Delhi | 495.00 | 1002 | 2 | 624.183412 RAP | 21588 | 24/03/2026 | 23/03/2026 | 06/05/2013 | Text Books | ||||
| Dewey Decimal Classification | B.Tech(CE) | PIET C-LIBRARY | PIET C-LIBRARY | 07/05/2013 | IBH, New Delhi | 495.00 | 1002 | 624.183412 RAP | 21589 | 04/12/2019 | 06/05/2013 | Text Books | ||||||
| Dewey Decimal Classification | B.Tech(CE) | PIET C-LIBRARY | PIET C-LIBRARY | 07/05/2013 | IBH, New Delhi | 495.00 | 1002 | 624.183412 RAP | 21590 | 04/12/2019 | 06/05/2013 | Text Books | ||||||
| Dewey Decimal Classification | B.Tech(CE) | PIET C-LIBRARY | PIET C-LIBRARY | 07/05/2013 | IBH, New Delhi | 495.00 | 1002 | 1 | 624.183412 RAP | 21591 | 29/09/2022 | 16/09/2022 | 06/05/2013 | Text Books | ||||
| Dewey Decimal Classification | B.Tech(CE) | PIET C-LIBRARY | PIET C-LIBRARY | 07/05/2013 | IBH, New Delhi | 495.00 | 1002 | 624.183412 RAP | 21592 | 04/12/2019 | 06/05/2013 | Text Books |